| 000 | 00723cam a2200277 4500 | ||
|---|---|---|---|
| 001 | ABS62171 | ||
| 008 | 000000n2000 000 0 eng u | ||
| 035 | _a(Sirsi) u105715 | ||
| 245 | _aRegional survey: Bedfordshire and Buckinghamshire | ||
| 260 | _c2000 | ||
| 490 |
_aProperty Week _v65(15) 14 April 2000, 42-64(8) |
||
| 590 | _aABS | ||
| 650 | _aBUCKINGHAMSHIRE | ||
| 650 | _aBEDFORDSHIRE | ||
| 650 | _aMILTON KEYNES | ||
| 650 | _aBEACONSFIELD | ||
| 650 | _aBOURNE END | ||
| 650 | _aGERRARDS CROSS | ||
| 650 | _aAMERSHAM | ||
| 650 | _aHIGH WYCOMBE | ||
| 650 | _aLUTON | ||
| 650 | _aDUNSTABLE | ||
| 650 | _aMARLOW | ||
| 690 | _aPROPERTY-COMMERCIAL PROPERTY-COMMERCIAL PROPERTY MARKET | ||
| 942 | _n0 | ||
| 999 |
_c63308 _d63308 |
||